Capitales ayant accueilli les Jeux Olympiques - Statistiques

Statistiques générales
  • Ce quiz a été pris 219 fois
  • Le résultat moyen est 13 sur 22
Statistiques - réponses
An Capitale % Correct
1896 Athenes
89%
2024 Paris
87%
2012 Londres
84%
2020 Tokyo
83%
1900 Paris
78%
1936 Berlin
75%
2008 Pekin
75%
2004 Athenes
74%
1908 Londres
63%
1968 Mexico
63%
1980 Moscou
60%
1988 Seoul
60%
1924 Paris
57%
1960 Rome
55%
2022 Pekin
54%
1952 Helsinki
42%
1964 Tokyo
42%
1928 Amsterdam
39%
1948 Londres
38%
1952 Oslo
37%
1912 Stockholm
36%
1984 Sarajevo
34%
Aucun quiz correspondant
Distribution des résultats
% des personnes avec chaque résultat
Percentile par nombre de réponses
Votre historique - résultats
Vous n’avez pas pris ce quiz